| 000 | 01087cam a22003377a 4500 | ||
|---|---|---|---|
| 003 | CHAP | ||
| 005 | 20220329141137.0 | ||
| 008 | 971010c19741951mx r 00010 spa d | ||
| 010 | _a63319 | ||
| 011 | _a64291 | ||
| 035 | _a69572 | ||
| 040 | _cCHAP | ||
| 082 | 0 | 4 |
_a193 _bH4Y |
| 100 | 0 | 0 |
_aHeidegger, Martin. _953328 |
| 245 | 1 | 3 |
_aEl ser y el tiempo _c/por Martin Heidegger |
| 260 |
_aMéxico, D. F. : _bFondo de Cultura Económica, _c1974 (c.1951) |
||
| 300 | _a478 p. | ||
| 490 | 0 | _aSección de obras de filosofía | |
| 590 |
_aBATCH-UPD _b10 _c20130110 _lUCH01 _h0449 |
||
| 590 |
_aBATCH-UPD _b10 _c20130110 _lUCH01 _h2138 |
||
| 590 |
_aBATCH-UPD _b10 _c20130410 _lUCH01 _h0126 |
||
| 590 |
_aBATCH-UPD _b10 _c20130914 _lUCH01 _h1550 |
||
| 590 |
_aCONVERSION _b10 _c20130109 _lUCH01 _h1334 |
||
| 650 | 4 |
_aAntropologia filosofica. _96143 |
|
| 650 | 4 |
_aFilosofía alemana. _940897 |
|
| 650 | 4 |
_aTiempo (Filosofía) _9113056 |
|
| 830 | 0 |
_aSección de obras de filosofía _9103505 |
|
| 901 | _aBK | ||
| 942 | _cLIBRO | ||
| 949 |
_a193 H4Y _bBC _cLIBRO _d33724000231023 _eLIBRO _h40472 _i69572 _so |
||
| 999 |
_c63319 _d63319 |
||